00493nam a22001457a 450000500170000000800410001702000180005805000140007610000180009024501110010826000520021930000370027170000220030870000170033020241130151008.0241130b |||||||| |||| 00| 0 eng d a9789988104474 aQD256 OPP aOppong, I. V. aOrganic Chemistry/ba systematic functional group approachcI. V. Oppong, Ivan Addae-Mensah & S. A. Asunka aKanda, AccrabFirst Generation Publishersc2008 avii.580p.bill. some colorc29cm aAddae-Mensah Ivan aAsunka S. A.